| 000 | 00621nam a2200145Ia 4500 | ||
|---|---|---|---|
| 008 | 151213s9999 xx 000 0 und d | ||
| 100 | _aফখরুজ্জাম্নাচেীধুরী। | ||
| 245 |
_aফেডেরিকা গারথিয়া লোরকা ইয়ারমা। _cফখরুজ্জাম্নাচেীধুরী। |
||
| 260 |
_aঢাকা _bশিল্পতরু প্রকাশনী। _c1991 |
||
| 300 | _a8510 p. | ||
| 650 | _aBangla | ||
| 650 | _aBengali Literature | ||
| 700 | _aফখরুজ্জাম্নাচেীধুরী। | ||
| 999 |
_c4347 _d4347 |
||